000 01566nam a2200469 i 4500
001 6307
003 KOSZ 005
005 20230119084014.0
008 970510s1992 pl |000 0 pol
015 _aUWD 1993/2875
035 _a991000887569705066
035 _a(PL-WaBN)b10274765-48omnis_nlop
035 _ab10274765
035 _a(OCoLC)830055557
035 _a(PL)b0000001027476
035 _a(EXLNZ-48OMNIS_NETWORK)9910494300905606
040 _aWA N
_cWA N
_dKOSZ 005/HR
046 _k1992
080 _a346.54(438)
080 _a351.82(438)
080 _a334.72(1-87)](438+470)
100 1 _aBojar, Ewa
_d(1949- )
_eAutor
245 1 0 _aJoint ventures w gospodarce Polski i Rosji /
_cEwa Bojar, Ludmiła Woronina.
260 _aLublin :
_bWydawnictwa Uczelniane Politechniki Lubelskiej,
_c1992.
300 _a31, [2] s. ;
_c24 cm.
336 _aTekst
_btxt
_2rdacontent
337 _aBez urządzenia pośredniczącego
_bn
_2rdamedia
338 _aWolumin
_bnc
_2rdacarrier
380 _aKsiążki
388 _a1901-2000
388 _a1989-2000
650 7 _aJoint venture
_2DBN
650 7 _aPrawo gospodarcze
_2DBN
651 7 _aPolska
_2DBN
651 7 _aRosja
_2DBN
658 _aPrawo i wymiar sprawiedliwości
700 1 _aVoronina Ljudmila
_eAutor
710 2 _aPolitechnika Lubelska
_4pbl
856 _uhttp://koha.tu.koszalin.pl/cgi-bin/koha/opac-detail.pl?biblionumber=6307
_yKatalog online BPK
942 _2UKD
_cKS
999 _c6307
_d6307